| 000 | 00783nam a22002177a 4500 | ||
|---|---|---|---|
| 001 | 000010066 | ||
| 005 | 20200929161827.0 | ||
| 008 | 891010s1989 sp 000 0 spa | ||
| 010 | _a89872818 | ||
| 020 | _a8420645192 | ||
| 040 |
_aDO-SdBNP _cDLC _dDLC |
||
| 050 | 0 | 0 | _aMLCS 89/19688 (P) |
| 100 | 1 |
_aFerrater, Gabriel. _99831 |
|
| 240 | 1 | 0 |
_aPoema inacabat. _lSpanish & Catalan |
| 245 | 1 | 0 |
_aPoema inacabado / _cGabriel Ferrater ; version en castellano, prologo y notas de Joan Margarit y Pere Rovira. |
| 260 |
_aMadrid : _bAlianza ; _aBarcelona : _bEnciclopedia Catalana, _cc1989. |
||
| 300 |
_a107 p. ; _c21 cm. |
||
| 490 | 1 |
_aBiblioteca de cultura catalana ; _v19 |
|
| 830 | 0 |
_aBiblioteca de cultura catalana (Madrid, Spain) ; _v19 _925045 |
|
| 910 | _aCatalogación por copia / LC | ||
| 999 |
_c9825 _d9825 |
||